000 00195nam a2200085Ia 4500
008 120527s9999 xx 000 0 und d
100 _aParsons, Janmrich
245 _aComputer Concepts
942 _cBK
999 _c27831
_d27831